The Pennsylvania Railroad, 1940s-1950s /

Bibliographic Details
Main Author: Ball, Don
Format: Book
Language:English
Published: Chester, Vt. : Elm Tree Books ; [1986]
Edition:1st ed.
Subjects:

MARC

Tag First Indicator Second Indicator Subfields
LEADER 00000cam a2200000 a 4500
001 in00000769737
005 20151017050405.0
008 871105s1986 vtua 00010 eng
010 |a  87406767  
019 |a 16156998 
020 |a 0393023575 
035 |a (OCoLC)14974194 
035 |9 ADK0373AM 
040 |a DLC  |c DLC  |d TXA  |d UtOrBLW 
043 |a n-us--- 
049 |a TXAM  |c [A11722523] 
050 0 0 |a TF25.P4  |b B35 1986 
082 0 |a 625.1/00974  |2 19 
100 1 |a Ball, Don. 
245 1 4 |a The Pennsylvania Railroad, 1940s-1950s /  |c Don Ball, Jr. 
250 |a 1st ed. 
264 1 |a Chester, Vt. :  |b Elm Tree Books ;  |c [1986] 
264 2 |a New York, N.Y. :  |b Distributed by W.W. Norton, 
264 4 |c ©1986 
300 |a 204 pages :  |b color illustrations ;  |c 29 cm. 
336 |a text  |b txt  |2 rdacontent 
337 |a unmediated  |b n  |2 rdamedia 
338 |a volume  |b nc  |2 rdacarrier 
610 2 0 |a Pennsylvania Railroad. 
650 0 |a Railroads  |z United States. 
999 |a MARS 
999 f f |s 9ea4bc7d-d3f4-31b5-ae85-1c89527b6be2  |i bf2e9cdf-9a64-3d50-8ebe-b674505d2a30  |t 0 
952 f f |p ric  |a Texas A&M University  |b Rellis Campus  |c Joint Library Facility  |d Remote Storage  |t 0  |e TF25.P4 B35 1986  |h Library of Congress classification  |i unmediated -- volume  |m A14811722523 
998 f f |a TF25.P4 B35 1986  |t 0  |l Remote Storage